La rebelión y otros cuentos /

Guardado en:
Autor Principal: Gallegos, Rómulo
Formato: Libro
Publicado: Buenos Aires-méxico : Espasa-calpe Argentina, 1948
Edición:2a. ed.
Materias:
Etiquetas: Agregar Etiqueta
Sin Etiquetas, Sea el primero en etiquetar este registro!
LEADER 00683nam a22002175a 4500
001 CEM.cems002671
005 20101203114950.0
008 130507s1948##################000#0#####d
003 CEMS
082 0 4 |a V863.4 
100 1 |a Gallegos, Rómulo 
245 1 0 |a La rebelión y otros cuentos /  |c Rómulo Gallegos 
250 |a 2a. ed. 
260 |a Buenos Aires-méxico :  |b Espasa-calpe Argentina,  |c 1948 
300 |a 148 p. 
653 |a Literatura 
653 |a Literatura hispanoamerica 
653 |a Novela venezolana-siglo 20 
653 |a Novelas 
859 |a CEMS  |b BIB. CEMS - 11 de abril  |h V863.4  |i G135a2  |p 14647.75  |t Ej.1 
859 |a CEMS  |b BIB. CEMS - 11 de abril  |h V863.4  |i G135a2  |p 14649.75  |t Ej.2